000 00363nam a2200145Ia 4500
005 20250429093044.0
008 240331s9999 xx 000 0 und d
082 _a291.5
_bKAN
100 _aKandiah,V.C
245 0 _aMattakkalappu saivakovilkal-2
260 _aBatticaloa
_bKoodal
_c1991
300 _a149 p .,
500 _aMattakkalappu Saivakovilakal
942 _cL
999 _c859
_d859